Word Ladder: Magna Carta Signer Quiz Stats

 Plays Quiz Updated Jun 20, 2015

Score 0/14 Timer 01:30
3 Plays Today
Clue 4-Letter Word % Correct
Feature common to birds, bats, and airplanesWING
98.4%
Chardonnay or Merlot, e.g.WINE
98.1%
Blues guitarist B.B. or boxing promoter Don♔KING♔
94.1%
Grain otherwise known as 'maize'CORN
92.7%
Metallic currency, like a penny or quarterCOIN
91.8%
Ex-Beatle Lennon or former President Kennedy♔JOHN♔
91.5%
To combine, meet, or become a memberJOIN
90.9%
Clue 4-Letter Word % Correct
Damaged or rundown as a result of overuseWORN
88.6%
Title for a monarch (or for God)♔LORD♔
88.6%
Small unit of language; this clue has eightWORD
88.5%
Informal name for a telegraphWIRE
83.6%
History or traditions of a peopleLORE
82.1%
An injured or infected patch of skinSORE
78.2%
How one might address the subject of this ladder♔SIRE♔
76.4%

Today's Daily Dose

Quick Pick
American Flags

Get the Picture
Fast Food

You're not logged in!

Compare scores with friends on all Sporcle quizzes.
OR
Log In

Sporcle TV

Today on Sporcle TV


Watch our educational content, quiz creation guides, and fun videos on Sporcle TV.

Show Comments

Extras

Top Quizzes Today


Score Distribution

Your Account Isn't Verified!

In order to create a playlist on Sporcle, you need to verify the email address you used during registration. Go to your Sporcle Settings to finish the process.

Report this User

Report this user for behavior that violates our Community Guidelines.

Details: